[Event "Montreal op U2000"]
[Site "Montreal"]
[Date "2016.09.10"]
[Round "3.10"]
[White "Mathews, Theo"]
[Black "Goldner, John"]
[Result "1-0"]
[WhiteElo "1583"]
[BlackElo "1824"]
[PlyCount "119"]
[EventDate "2016.09.09"]
[EventType "swiss"]
[EventRounds "5"]
[EventCountry "CAN"]
[SourceTitle "EXT 2022"]
[Source "ChessBase"]
[SourceDate "2021.10.06"]
[SourceVersion "1"]
[SourceVersionDate "2021.10.06"]
[SourceQuality "1"]

1. e4 c5 2. Nf3 Nc6 3. Nc3 d6 4. d4 cxd4 5. Nxd4 Nf6 6. f3 e6 7. Be3 Be7 8. Qd2 0-0 9. 0-0-0 a6 10. g4 Qc7 11. h4 Rd8 12. h5 b5 13. Nxc6 Qxc6 14. g5 Nd7 15. g6 Ne5 16. gxh7+ Kxh7 17. Qg2 b4 18. Rg1 Rg8 19. Nb1 Bd7 20. f4 Nc4 21. Bxc4 Qxc4 22. b3 Qc7 23. Qd2 Rac8 24. Rg2 a5 25. Qd3 Kh8 26. f5 Bf8 27. f6 gxf6 28. Rxg8+ Kxg8 29. Rg1+ Kh8 30. Qd2 e5 31. Qg2 Bg4 32. c4 Qd7 33. Qxg4 Qxg4 34. Rxg4 Kh7 35. Nd2 Rc6 36. h6 Rc8 37. Nf3 a4 38. Kc2 a3 39. Nh4 Rc6 40. Nf5 Rc7 41. Rg2 Rc6 42. Rd2 Kg6 43. Rd5 Rc8 44. Nxd6 Bxd6 45. Rxd6 Rb8 46. Rb6 Rxb6 47. Bxb6 Kxh6 48. c5 f5 49. exf5 Kg5 50. c6 Kxf5 51. c7 Kf4 52. c8Q f5 53. Qc4+ e4 54. Kd2 Kf3 55. Qe2+ Kg3 56. Bc7+ Kh4 57. Qg2 Kh5 58. Bf4 Kh4 59. Qg3+ Kh5 60. Qg5# 1-0

[Event "Quebec op U2000"]
[Site "Montreal"]
[Date "2016.07.29"]
[Round "8.46"]
[White "Sharpe, Michael D"]
[Black "Mathews, Theo"]
[Result "1-0"]
[WhiteElo "1617"]
[BlackElo "1588"]
[PlyCount "72"]
[EventDate "2016.07.23"]
[EventType "swiss"]
[EventRounds "8"]
[EventCountry "CAN"]
[SourceTitle "EXT 2022"]
[Source "ChessBase"]
[SourceDate "2021.10.06"]
[SourceVersion "1"]
[SourceVersionDate "2021.10.06"]
[SourceQuality "1"]

1. e4 c5 2. Nc3 Nc6 3. Nf3 d6 4. d4 cxd4 5. Nxd4 Nf6 6. Be2 g6 7. Be3 Bg7 8. 0-0 Bd7 9. Kh1 0-0 10. f4 a6 11. Nb3 b5 12. a3 Na5 13. Nxa5 Qxa5 14. Bd2 Qd8 15. Bf3 Bc6 16. Be3 Qc7 17. Bd4 Rac8 18. Rc1 Qb7 19. Qe2 Rfe8 20. e5 Bxf3 21. Rxf3 Nd7 22. Qf2 dxe5 23. fxe5 Bxe5 24. Rf1 Bxd4 25. Qxd4 Nf6 26. Qh4 Rc4 27. Qh6 Rc5 28. Qe3 Rcc8 29. Qh6 Ng4 30. Qg5 f5 31. h3 Ne5 32. Re3 Nc4 33. Re6 Rc6 34. Rfe1 Qd7 35. Rxe7 Qd2 36. Rxe8+ Kf7 1-0

[Event "Quebec op U2000"]
[Site "Montreal"]
[Date "2016.07.23"]
[Round "1.46"]
[White "Marcone, Malcom"]
[Black "Mathews, Theo"]
[Result "1-0"]
[WhiteElo "1806"]
[BlackElo "1588"]
[PlyCount "77"]
[EventDate "2016.07.23"]
[EventType "swiss"]
[EventRounds "8"]
[EventCountry "CAN"]
[SourceTitle "EXT 2022"]
[Source "ChessBase"]
[SourceDate "2021.10.06"]
[SourceVersion "1"]
[SourceVersionDate "2021.10.06"]
[SourceQuality "1"]

1. d4 d5 2. c4 e6 3. Nf3 f5 4. Bf4 Nf6 5. e3 c6 6. a3 Bd6 7. Bxd6 Qxd6 8. c5 Qc7 9. Nc3 0-0 10. Be2 Nbd7 11. Ng5 Re8 12. f4 b6 13. b4 bxc5 14. bxc5 Qa5 15. Qd2 Rb8 16. Nd1 Qxd2+ 17. Kxd2 h6 18. Nh3 Ne4+ 19. Kc2 Ndf6 20. Nhf2 Bd7 21. Nxe4 Nxe4 22. Nc3 Nf6 23. Rab1 Red8 24. Rb4 Rxb4 25. axb4 Rb8 26. Ra1 Rxb4 27. Rxa7 Kf8 28. Ra6 Ke7 29. Rb6 Rxb6 30. cxb6 Bc8 31. Na4 Nd7 32. Kc3 Kd6 33. Kb4 g5 34. fxg5 hxg5 35. Ka5 Nb8 36. Nc5 e5 37. b7 Bd7 38. Na6 Nxa6 39. Kxa6 1-0

[Event "Montreal Pere Noel op"]
[Site "Montreal"]
[Date "2010.12.26"]
[Round "1"]
[White "Mathews, Theo"]
[Black "Chiku Ratte, Olivier Kenta"]
[Result "0-1"]
[WhiteElo "1681"]
[BlackElo "2086"]
[PlyCount "110"]
[EventDate "2010.12.26"]
[EventType "swiss"]
[EventRounds "5"]
[EventCountry "CAN"]
[SourceTitle "EXT 2013"]
[Source "ChessBase"]
[SourceDate "2012.11.22"]
[SourceVersion "1"]
[SourceVersionDate "2012.11.22"]
[SourceQuality "1"]

1. d4 Nf6 2. c4 c5 3. Nf3 cxd4 4. Nxd4 Nc6 5. Nc3 d6 6. e4 Nxd4 7. Qxd4 g6 8. Be2 Bg7 9. 0-0 0-0 10. Qd1 Be6 11. Qb3 Rb8 12. f3 b5 13. Nd5 bxc4 14. Qxc4 Bxd5 15. exd5 Qb6+ 16. Kh1 Rfc8 17. Qd3 Qb7 18. Rd1 Rc5 19. Be3 Rxd5 20. Qa6 Rxd1+ 21. Rxd1 Qxa6 22. Bxa6 Rxb2 23. Bc4 a5 24. Bb3 a4 25. Bd4 Re2 26. Bxa4 Rxa2 27. Bb3 Ra3 28. Rb1 Nd7 29. Bf2 h5 30. Kg1 e6 31. Kf1 d5 32. Bd1 d4 33. Rb7 Nc5 34. Rb8+ Kh7 35. Rb1 e5 36. Be1 Ra2 37. Bg3 f5 38. Bh4 e4 39. Be7 Nd3 40. Rb7 Kh6 41. h4 Ra6 42. Bg5+ Kh7 43. g4 Nc5 44. Rb5 Rc6 45. Be7 Nd3 46. Rb7 Nc5 47. Ra7 Ne6 48. Ra8 hxg4 49. fxg4 f4 50. Bb3 d3 51. Bd5 Rc1+ 52. Kf2 e3+ 53. Kf3 Rf1+ 54. Ke4 e2 55. Bb4 Nc5+ 0-1

[Event "Montreal Saturday op 09"]
[Site "Montreal"]
[Date "2009.09.02"]
[Round "1"]
[White "Mathews, Theo"]
[Black "Millette, Sylvain"]
[Result "1-0"]
[WhiteElo "1644"]
[BlackElo "1579"]
[PlyCount "35"]
[EventDate "2009.09.02"]
[EventType "tourn"]
[EventRounds "5"]
[EventCountry "CAN"]
[SourceTitle "EXT 2011"]
[Source "ChessBase"]
[SourceDate "2010.11.26"]
[SourceVersion "1"]
[SourceVersionDate "2010.11.26"]
[SourceQuality "1"]

1. e4 Nf6 2. Nc3 d5 3. exd5 Nxd5 4. Bc4 Nxc3 5. Qf3 e6 6. Qxc3 Qf6 7. Qxf6 gxf6 8. Nf3 Bd7 9. d4 Bc6 10. Be2 Bxf3 11. Bxf3 c6 12. Bf4 Nd7 13. 0-0-0 0-0-0 14. Bh5 e5 15. dxe5 fxe5 16. Be3 f6 17. Bg4 b6 18. Rxd7 1-0

[Event "Montreal Mercredi 05"]
[Site "Montreal"]
[Date "2009.05.20"]
[Round "2"]
[White "Mathews, Theo"]
[Black "Morin, Louis"]
[Result "1-0"]
[WhiteElo "1716"]
[BlackElo "1951"]
[PlyCount "124"]
[EventDate "2009.05.13"]
[EventType "tourn"]
[EventRounds "5"]
[EventCountry "CAN"]
[SourceTitle "EXT 2011"]
[Source "ChessBase"]
[SourceDate "2010.11.26"]
[SourceVersion "1"]
[SourceVersionDate "2010.11.26"]
[SourceQuality "1"]

1. e4 e5 2. Nf3 d6 3. Bc4 Be6 4. Qe2 Nc6 5. Bxe6 fxe6 6. Nc3 Be7 7. 0-0 Nf6 8. d3 0-0 9. Be3 d5 10. exd5 exd5 11. Bg5 h6 12. Bh4 Nd4 13. Nxd4 exd4 14. Qe6+ Kh8 15. Ne2 c5 16. Nf4 Qe8 17. Qxe7 g5 18. Ng6+ Qxg6 19. Bg3 b6 20. Be5 Qf7 21. Bxf6+ Qxf6 22. Qxf6+ Rxf6 23. Rae1 Raf8 24. Re5 Rf5 25. Rxf5 Rxf5 26. Re1 Rf7 27. Re8+ Kg7 28. Rd8 Rf5 29. Rd7+ Rf7 30. Rxd5 Re7 31. Kf1 Kf7 32. Rd6 Kg7 33. c3 dxc3 34. bxc3 h5 35. a4 Kh7 36. a5 bxa5 37. Ra6 Rd7 38. Ke2 Re7+ 39. Kd2 Rf7 40. f3 g4 41. fxg4 Rf2+ 42. Ke3 Rxg2 43. Rxa7+ Kh6 44. Rxa5 h4 45. Rxc5 Rxh2 46. Rh5+ Kg6 47. d4 Rh3+ 48. Kd2 Rh2+ 49. Kd3 Rh3+ 50. Kc4 Rh1 51. Kc5 h3 52. d5 h2 53. c4 Kf7 54. d6 Ke8 55. Rh7 Rg1 56. Rxh2 Rxg4 57. Kb5 Kd7 58. c5 Rg1 59. Rh7+ Ke6 60. Kb6 Rd1 61. Re7+ Kf6 62. Re2 Rd3 1-0

[Event "Quebec-ch qual1"]
[Site "Montreal"]
[Date "2005.04.30"]
[Round "2"]
[White "Xavier Bonifay, Jean Luc"]
[Black "Mathews, Theo"]
[Result "1-0"]
[WhiteElo "1402"]
[BlackElo "1595"]
[PlyCount "83"]
[EventDate "2005.04.29"]
[EventType "swiss"]
[EventRounds "5"]
[EventCountry "CAN"]
[SourceTitle "CBM 106 Extra"]
[Source "ChessBase"]
[SourceDate "2005.07.01"]
[SourceVersion "1"]
[SourceVersionDate "2005.07.01"]
[SourceQuality "1"]

1. e4 e5 2. Nf3 Nf6 3. Nxe5 d6 4. Nf3 Nxe4 5. Nc3 Nxc3 6. bxc3 Be7 7. d4 d5 8. h3 0-0 9. Bd3 b6 10. 0-0 Ba6 11. Bf4 Bxd3 12. Qxd3 Nd7 13. Rfe1 c6 14. Re2 Nf6 15. Ne5 Rc8 16. Rae1 Bd6 17. Bg5 h6 18. Bxf6 gxf6 19. Ng4 Kg7 20. Qf5 Rh8 21. Qh5 Qd7 22. Re3 f5 23. Ne5 Bxe5 24. dxe5 Rhe8 25. Rf3 Re6 26. Rxf5 Qe7 27. Re3 Rg6 28. Ref3 Rf8 29. h4 Qa3 30. e6 f6 31. Re3 Qe7 32. Qf3 Kh7 33. g4 Rfg8 34. Kf1 Rxg4 35. Rxf6 Rg1+ 36. Ke2 R1g7 37. Rf7 Qxh4 38. e7 Re8 39. Qf5+ Kh8 40. Rf8+ Rg8 41. Qe5+ Kh7 42. Rf7+ 1-0

[Event "Quebec-ch qual1"]
[Site "Montreal"]
[Date "2005.04.29"]
[Round "1"]
[White "Mathews, Theo"]
[Black "Cloutier, Mathieu"]
[Result "1/2-1/2"]
[WhiteElo "1595"]
[BlackElo "2008"]
[PlyCount "119"]
[EventDate "2005.04.29"]
[EventType "swiss"]
[EventRounds "5"]
[EventCountry "CAN"]
[SourceTitle "CBM 106 Extra"]
[Source "ChessBase"]
[SourceDate "2005.07.01"]
[SourceVersion "1"]
[SourceVersionDate "2005.07.01"]
[SourceQuality "1"]

1. e4 c5 2. Nf3 d6 3. d4 cxd4 4. Nxd4 Nf6 5. Nc3 a6 6. Be2 e5 7. Nb3 Be7 8. 0-0 0-0 9. Be3 Qc7 10. f4 b5 11. a3 Bb7 12. Bf3 Nbd7 13. f5 Nb6 14. Nd2 d5 15. exd5 Nbxd5 16. Nxd5 Nxd5 17. Bxd5 Bxd5 18. f6 Bxf6 19. Rxf6 gxf6 20. Bh6 Kh8 21. Bxf8 Rxf8 22. Nf3 Qc6 23. Qe2 Rg8 24. Nh4 Qe6 25. Rd1 e4 26. g3 Qb6+ 27. Kh1 Qe6 28. Ng2 e3 29. Kg1 Qe4 30. Rd3 Re8 31. c3 Bc4 32. Rxe3 Qb1+ 33. Qe1 Qxb2 34. Qf2 Qxf2+ 35. Kxf2 Rd8 36. Ke1 Be6 37. Nf4 Rd6 38. Rd3 Rxd3 39. Nxd3 Kg7 40. Kf2 Kf8 41. Ke3 Ke7 42. Kd4 Kd6 43. Nc5 a5 44. Ne4+ Kc6 45. Nxf6 h6 46. Ng8 h5 47. Nf6 Bg4 48. h3 Bxh3 49. Nxh5 Bg4 50. Nf4 Bf3 51. Nd3 Kd6 52. Ne5 Bd5 53. Nd3 Be6 54. Nf4 Bg4 55. Ng2 Ke6 56. Ne3 Be2 57. Nd5 Kf5 58. Ne3+ Kg5 59. Ke5 Bd3 60. Kd4 1/2-1/2

[Event "Montreal Pere Noel op"]
[Site "Montreal"]
[Date "1998.12.29"]
[Round "4"]
[White "Mathews, Theo"]
[Black "Brodie, Hugh"]
[Result "0-1"]
[WhiteElo "1695"]
[BlackElo "1915"]
[PlyCount "56"]
[EventDate "1998.12.26"]
[EventType "swiss"]
[EventRounds "5"]
[EventCountry "CAN"]
[SourceTitle "EXT 2022"]
[Source "ChessBase"]
[SourceDate "2021.10.06"]
[SourceVersion "1"]
[SourceVersionDate "2021.10.06"]
[SourceQuality "1"]

1. d4 e6 2. c4 f5 3. Nf3 Nf6 4. g3 d5 5. Bg2 c6 6. Qc2 Bd6 7. 0-0 0-0 8. b3 Qe7 9. Bb2 Ne4 10. Nbd2 Nd7 11. cxd5 exd5 12. a3 Nxd2 13. Qxd2 f4 14. Rfe1 Nf6 15. Qc2 Ne4 16. Rf1 Bf5 17. Nh4 Nxg3 18. Nxf5 Nxf5 19. Kh1 f3 20. exf3 Qh4 21. f4 Qxf4 22. Bxd5+ cxd5 23. f3 Ne3 24. Qf2 Nxf1 25. Rxf1 Rac8 26. Rg1 Qxf3+ 27. Qxf3 Rxf3 28. Bc1 Rf2 0-1